000 01374nam a2200325 i 4500
001 16988
003 ES-MaACL
005 20250624062847.0
007 t|
008 001127s1959 sp ||||1| spa d
080 _a75 Vera, Cristino de (064.3)
100 1 _aVera, Cristino de.
_9113940
245 1 0 _aCristino de Vera
_b: [exposición, Sala del Prado del Ateneo de Madrid, 17 de abril-2 de mayo de 1959] /
_c[texto de] Luis Trabazo.
260 _aMadrid :
_bAteneo,
_c1959.
300 _a[32] p. :
_bprincipalmente il. n. ;
_c22 cm.
490 1 _aCuadernos de arte. Colección ordinaria ;
_v47
600 1 4 _aVera, Cristino de-
_xExposiciones.
_9113941
610 2 4 _aAteneo de Madrid-
_vExposiciones-
_y1950-1959
_91919
610 2 _aAteneo de Madrid-
_vObras digitalizadas.
_91930
655 7 _2tgfbne
_9193628
_aCatálogos de exposiciones
700 1 _aTrabazo, Luis.
_9111202
710 2 _aAteneo de Madrid.
_bSala del Prado.
_91965
830 0 _aCuadernos de arte. Colección ordinaria
_v47
_9180064
852 _aES-MaACL
_j2160-F-20
_cDEPOF
_zRevisado enlace: 22 de Abril de 2025
852 _aES-MaACL
_j2190-F-8
_cDEPOF
_zRevisado enlace: 22 de Abril de 2025
852 _aES-MaACL
_jG-13294(7)
_cSPD3
856 4 _uhttp://www.ateneodemadrid.com/biblioteca_digital/folletos/CACo-047.pdf
_yVer documento
942 _2udc
999 _c16988
_d16988